| 000 | 00909nam a2200277 a 4500 | ||
|---|---|---|---|
| 001 | 000110848 | ||
| 003 | CHAP | ||
| 005 | 20220329144148.0 | ||
| 008 | 141010s1993 mx a |r| ||||||spa d | ||
| 010 | _a107310 | ||
| 011 | _a108282 | ||
| 040 | _cCHAP | ||
| 082 | 0 | 4 |
_a630.097248 _bI61 |
| 245 | 0 | 0 |
_aIntroducción a la agronomía : _breporte de viaje corto al valle de Tehuacán, Puebla / _ccoordinado por Elías Jaime Matadamas Ortiz. |
| 260 |
_aMéxico, Méx. : _bUACH. Departamento de Preparatoria Agrícola, _c1993. |
||
| 300 |
_a82 p. : _bgráfs. |
||
| 590 |
_aBATCH-UPD _b05 _c20141010 _lUCH01 _h1150 |
||
| 590 |
_aE5995AHE _b05 _c20141010 _lUCH01 _h1149 |
||
| 590 |
_aE5995AHE _b05 _c20141010 _lUCH01 _h1149 |
||
| 650 | 1 | 4 |
_aAgricultura _91172 |
| 651 | 4 |
_aPuebla _xViajes de estudio. _9128608 |
|
| 700 | 0 |
_aMatadamas Ortiz, Elías Jaime _ecoord. _972883 |
|
| 901 | _aBK | ||
| 942 | _cLIBRO | ||
| 942 | _n0 | ||
| 999 |
_c107310 _d107310 |
||